| 000 | 00700nam a22001937a 4500 | ||
|---|---|---|---|
| 003 | BD-DhUL | ||
| 005 | 20160906175116.0 | ||
| 008 | 160831b1962 I ||||| |||| 00| 0 ben d | ||
| 040 | _cBD-DhUL | ||
| 082 |
_a954.142 _bSUH |
||
| 100 | _aমিত্র, সুধীরকুমার | ||
| 245 |
_aহুগলী জেলার দেব দেউল / _cসুধীরকুমার মিত্র |
||
| 250 | _a১ম খন্ড | ||
| 260 |
_aঢাকা : _bবাংলা একাডেমী, _c১৯৬২ |
||
| 300 |
_a৫৭৬ পৃ. : _c২১ সে.মি. _bচিত্র ; |
||
| 650 | 0 | _aভারত-ইতিহাস | |
| 650 | 0 | _aIndia-History | |
| 942 |
_2ddc _cBK |
||
| 999 |
_c104496 _d104496 |
||